[Event "Steyr op 1st"]
[Site "Steyr"]
[Date "2011.08.30"]
[Round "2"]
[White "Wadsack, Wolfgang"]
[Black "Stitz, Daniel"]
[Result "0-1"]
[WhiteElo "2225"]
[BlackElo "1929"]
[PlyCount "62"]
[EventDate "2011.08.29"]
[EventType "swiss"]
[EventRounds "7"]
[EventCountry "AUT"]
[SourceTitle "EXT 2012"]
[Source "ChessBase"]
[SourceDate "2011.11.24"]
[SourceVersion "1"]
[SourceVersionDate "2011.11.24"]
[SourceQuality "1"]

1. e4 e6 2. d4 d5 3. Nc3 Bb4 4. Bd2 Bxc3 5. Bxc3 dxe4 6. Qg4 Nf6 7. Qxg7 Rg8 8. Qh6 Rg6 9. Qe3 Qd5 10. h3 Qh5 11. Be2 Qd5 12. g3 Nc6 13. h4 Qf5 14. h5 Rg8 15. Rh4 Ne7 16. Rf4 Nfd5 17. Rxf5 Nxe3 18. Rc5 Nxc2+ 19. Kd2 Nxa1 20. Rxc7 e3+ 21. fxe3 Rxg3 22. Nf3 Nd5 23. Rc5 b6 24. Bb5+ Bd7 25. Bxd7+ Kxd7 26. Ne5+ Ke8 27. Rc6 Rxe3 28. Rd6 Rh3 29. Rd7 Rxh5 30. Rxf7 Rxe5 31. Rxh7 Rf5 0-1